000 00640naa a22002057a 4500
001 22511
003 KOHA_MİRAKIL
005 20230714053213.0
008 230712b tu ||||| |||| 00| 0 tur d
020 _a0212114
040 _aTR-AnANB
_btur
_cTR-AnANB
090 _aArmağan-219
245 0 _aKamu İcra Hukukunda Kamu Alacağının Tahsiline Etki Eden Suçlar (AATUHK m.110-114) /
_cİsa Başbüyük.
246 _aProf.Dr.Hakan Pekcanıteze Armağan Cilt-4
250 _a1.Basım
260 _aİzmir:
_bDokuz Eylül Üniversitesi Hukuk Fakültesi,
_c2015.
300 _aSayfa 4613-4631
310 _aGünlük
942 _2ddc
_cAR
999 _c26828
_d26828